| 000 | 00678nam a2200229 a 4500 | ||
|---|---|---|---|
| 005 | 20140310183349.0 | ||
| 008 | 070606s19uu xx 00 eng d | ||
| 020 | _a9780750666169 | ||
| 050 |
_aTS 156 _b.T74 2005 |
||
| 100 | _aTricker, Ray | ||
| 245 |
_aISO 9001 : _b2000 in brief / _cRay Tricker. |
||
| 250 | _a2nd ed. | ||
| 260 |
_aAmsterdam : _bElsevier Butterworth Heineman, _c2005. |
||
| 300 |
_a203 p. : _bill. ; _c25 cm. |
||
| 521 | _aBSBA | ||
| 650 |
_aQuality control _xStandards. |
||
| 650 | _aISO 9000 Series Standards. | ||
| 650 |
_aManufacturers _xQuality control _xEvaluation. |
||
| 700 | _aSherring-Lucas, Bruce | ||
| 942 |
_cBK _2lcc _kFOR |
||
| 999 |
_c22036 _d22036 |
||